000 00509nam a2200217Ia 4500
003 OSt
005 20221005130023.0
006 a|||||r|||| 00| 0
007 ta
008 221004b |||||||| |||| 00| 0 eng d
024 _a120089
037 _cTextual
040 _aCRL
_cCRL
_beng
041 _2eng
_aeng
100 _aDunichand
_9637468
245 0 _aPunjabi Bhasha da Vyakaran
260 _c1964
650 _aPUNJABI LITERATURE
942 _cTEXL
_2cc
999 _c1055806
_d1055806